LEADER 01073nam a2200241 4500 001 000000360423 003 CaOOAMICUS 005 20241021155259.0 008 241021s1965 it a 000 u ita r 040 $aSeMil$bita 245 00$aVol. 1 /$ca cura di Nicola Abbagnano ... [et al.]. 250 $aRist. corretta 264 1$aTorino :$bUnione Tipografico-Editrice Torinese,$c1965. 300 $aXII, 662 p., [8] carte di tav. :$bill. ;$c26 cm 500 $aIn mezzo al front.: Con 8 tavole in rotocalco fuori testo e 304 illustrazioni nel testo 700 1 $aAbbagnano, Nicola,$d<1901-1990>.$0(OLS)http://semarc/name/17 773 0 $tStoria delle scienze.$dTorino : Unione Tipografico-Editrice Torinese, 1965.$g1$w()360410 850 $aSeMil 852 $aSeMil$W1$xVenegono$y1$m3X VI 51$j251819$B251434$CSeMilBibl$Z2$F251434 $81 961 $aBuzzi mons. Franco - Omaggio 996 $6245$aVol. 1$9(OLS)http://semarc/title/55715 996 $6264$aTorino :$bUnione Tipografico-Editrice Torinese$9(OLS)http://semarc/publisher/29628 LEADER 00949nam a2200229 i 4500 001 000000246664 003 CaOOAMICUS 005 20151119000000.0 008 151119s2002 it u000 u ita u 013 $a225569 040 $aSeMil$bita 245 10$a[Libri 3.-7.]. 300 $a1 v. (varie sequenze) ;$c30 cm. 500 $aIn copertina : Anno accademico 2001-2002. 650 4$aDispense scolastiche.$0(OLS)http://semarc/subject/526 650 4$aDiritto canonico - Dispense.$0(OLS)http://semarc/subject/44708 700 1 $aCoronelli, Renato,$c.$0(OLS)http://semarc/name/90249 773 0 $aCoronelli, Renato $tCorso di Diritto Canonico.$dVenegono Inf. : s.n., 2001-2002.$w()32832 850 $aSeMil 852 $aSeMil$W1$xVenegono$y1$m6X IV 61$j197010$B197010$CSeMilBibl$Z2$F208025 $8B 961 $aOmaggio: Castiglioni don Tommaso 996 $6245$a[Libri 3.-7.]$9(OLS)http://semarc/title/348467